00617nam a2200217Ia 450000500170000000800410001702000150005808200190007310000130009224500390010526000580014430000120020265000140021465000140022865000150024265000140025765000120027194200060028395200950028999900150038420250317070826.0240331s9999 xx 000 0 und d a8120715810 a301bGIR25103 aGirod, R 0aProblems of Sociology in Education aNew Delhi,bSterling Publishers Private Limitedc1989 a159 p., aSociology aKnowledge aInequality aEducation aSociety cL 001040708LaWERCLbWERCLcSSCd2024-03-31l0o 301 GIRp5103r2024-03-31w2024-03-31yL c1011d1011